MLB Year in Review 2005 - Statistics

General Stats
  • This quiz has been taken 4 times
  • The average score is 16 of 25
Answer Stats
Answer % Correct
NL MVP (STL) Albert Pujols
100%
AL MVP (NYY) Alex Rodriguez
100%
WAR Leader (9.4 NYY) Álex Rodríguez
100%
World Series Winner Chicago White Sox
100%
World Series Loser Houston Astros
100%
ALCS Loser Los Angeles Angels
100%
NLCS Loser St Louis Cardinals
100%
Best Record (100-62) St. Louis Cardinals
100%
Home Run Leader (51 ATL) Andruw Jones
75%
RBI Leader (148 BOS) David Ortiz
75%
Hits Leader (221 TEX) Michael Young
75%
NL Rookie of the Year (PHI) Ryan Howard
75%
AL Cy Young (LAA) Bartolo Colon
50%
NL Cy Young (STL) Chris Carpenter
50%
Wins Leader (22 FLA) Dontrelle Willis
50%
Strike Outs Leader (238 MIN) Johan Santana
50%
Worst Record (56-106) Kansas City Royals
50%
ERA Leader (1.87 HOU) Roger Clemens
50%
Saves Leader (47 WSN) Chad Cordero
25%
Stolen Base Leader (62 LAA) Chone Figgins
25%
Batting Champion (.335 CHC) Derrek Lee
25%
Doubles Leader (CHC, BAL) Derrek Lee | Miguel Tejada
25%
AL Rookie of the Year (OAK) Houston Street
25%
Triples Leader (17 NYM) José Reyes
25%
Name 1 HOF Inductee (WB, RS) Wade Boggs | Ryne Sandberg
25%
No matching quizzes found
Score Distribution
Percent of People with Each Score
Percentile by Number Answered
Your Score History
You have not taken this quiz